Statistiques concernant Culture Générale - Série 1487

Cliquez ici pour prendre le quiz!

Statistiques générales

  • Ce quiz a été pris 43 fois
  • Le résultat moyen est 5 sur 10

Statistiques - réponses

Question Réponse % Correct
Quel océan borde la ville de Maputo, capitale du Mozambique ?océan Indien
95%
Quel mot de deux lettres, désigne un jeu de stratégie oriental, joué sur un plateau comptant 361 intersections ?Go
74%
Comment s'appelle la concrétion calcaire qui se développe de haut en bas, au plafond d'une grotte ?stalactite
62%
Quel chef-lieu du Loiret donne son nom à quatre maisons princières de France ?Orléans
59%
Quelle année a donné son nom, à la loi de référence sur la liberté d'association ?1901
56%
Quel nom de bébé félin donne-t-on à un amas de poussière d'aspect laineux qui s'accumule sous les meubles ?chaton
56%
En 177, quelle martyre chrétienne fut livrée à des lions qui refusèrent de la dévorer ?Sainte Blandine
41%
Qui a peint le tableau “Le Serment des Horaces” en 1784 ?Jacques-Louis David
36%
Dans l'Antiquité, comment appelait-on l'intervalle de quatre ans, entre deux jeux Olympiques ?olympiade
28%
Quel mot désigne à la fois un parti politique américain et un oiseau d'Afrique australe ?républicain
21%

Distribution des résultats

Percentile par nombre de réponses

% des personnes avec chaque résultat

Votre développement - résultats

Vous n’avez pas pris ce quiz